Les grandes découvertes (XVe - XVIe) - Statistiques

Statistiques générales
  • Ce quiz a été pris 131 fois
  • Le résultat moyen est 10 sur 30
Statistiques - réponses
Hint Réponse % Correct
Explorateur ayant découvert l'Amérique en 1492 Christophe Colomb
86%
Explorateur portugais étant le premier à atteindre l'Inde en passant par le Cap de Bonne Espérance Vasco de Gama
76%
Premier européen à effectuer une circumnavigation de 1519 à 1521 et à découvrir l'ile de Guam Fernand de Magellan
74%
Explorateur italien qui donne son nom au continent découvert par Christophe Colomb Amerigo Vespucci
73%
Cet homme conquiert le Mexique et fait tomber l'Empire aztèque de 1519 à 1523 Hernan Cortés
62%
Traité qui partage le nouveau monde entre Espagnols et Portugais Traité de Tordesillas
57%
Explorateur français qui découvre le Canada lors d'expéditions en 1534,1535 et 1541 Jacques Cartier
55%
Pays qu'il pensait avoir découvert Chine
48%
En quel année ? 1498
47%
Conquistador qui s'aventure au Pérou et fait tomber l'Empire Inca en 1532 Francisco Pizarro
44%
Nom de son navire Santa Maria
44%
Nom donné par Christophe Colomb de la première ile sur laquelle il a accosté Hispaniola
38%
Fils du roi Jean I, il participe à cet évènement et l'homme central de ce début d'expansion Henri le Navigateur
35%
Explorateur portugais qui découvre par hasard le Brésil en 1500 Pedro Alvares Cabral
35%
Personnage fictif possédant un royaume très riche. La croyance de son existence est à l'origine de nombreuses explorations Prêtre Jean
35%
Qui atteint le cap de Bonne Espérance en 1488 ? Bartolomeu Dias
34%
Vasco Nuñez de Balboa à découvert l'existence de cet océan en 1513 Océan Pacifique
29%
1415, évènement marquant le début de la conquête portugaise des côtes africaines Prise de Ceuta
26%
Explorateur faisant parti de l'équipage du précédent, qui termina la circumnavigation en 1522 Sebastian El Canno
24%
Traité qui complète et modifie celui de 1494 en décalant la ligne de partage du monde plus à l'Ouest Traité de Saragosse
24%
Système d'esclavagisation d'Indiens mis en place en Amérique Espagnole Encomienda
20%
Quel cap est franchi par Gil Eanes en 1433 ? Cap de Bojador
17%
Le type de navire utilisé par Christophe Colomb Caraque
15%
Maladie dont il succombe en 1524 Malaria
10%
Explorateur italien pour le compte de la France qui a participé à plusieurs expéditions françaises de 1524 à 1528 (Cap fear, Brésil) permettant à celle-ci de devenir une puissance exploratrice Giovanni Verrazzano
9%
Ressource précieuse, prisée par la France particulièrement, qui donne le nom au pays depuis où elle est extraite Bois rouge
6%
Il est le premier français à mettre les pieds au Brésil en 1502 permettant le développement d'un commerce français de bois rouge Binot Paulmier de Gonneville
3%
Nom de cette colonie éphémère La France antarctique
2%
Baie dans laquelle les français tentent d'établir une colonie en 1555 et qui sera détruite par les Portugais en 1560 Baie de Rio
1%
Armateur de Dieppe et bon ami de François Ier qui lança les premières expéditions françaises Jean Ango
1%
Aucun quiz correspondant
Distribution des résultats
% des personnes avec chaque résultat
Percentile par nombre de réponses
Votre historique - résultats
Vous n’avez pas pris ce quiz